| 000 | 00634nam a2200181 a 4500 | ||
|---|---|---|---|
| 005 | 20140310182406.0 | ||
| 008 | 970101s19uu xx 00 eng d | ||
| 020 | _a971-91788-08-9 | ||
| 050 |
_aDS 674 _b.P392 1996 |
||
| 100 | _aPelmoka, Juana Jimenez, Ph. D. | ||
| 245 |
_aPre- Spanish Philippines / _cJuana Jimenez Pelmoka, Ph.D. |
||
| 260 |
_aTandang Sora St. Caloocan City : _bPhilippine graphic arts, Inc, _c1996. |
||
| 300 |
_a172 p. : _bill. ; _c23 cm. |
||
| 650 |
_aPre-Spanish civilization _xPhilippines |
||
| 650 |
_aCivilization _xPhilippines _x3. Pre-Spanish laws & gov't _xPhilippines |
||
| 942 |
_cBK _2lcc |
||
| 999 |
_c12705 _d12705 |
||